000 00374nam a2200145Ia 4500
008 100415s9999 xx 000 0 und d
082 _b6026
_a338(54)
100 _aPlanning Commission
245 _aThird Five Year Plan
260 _aNEW DELHI
_c1961
_bGOVT. OF INDIA
365 _b0
630 _aThird Five Year Plan
730 _aThird Five Year Plan
942 _cBOOK
999 _c588996
_d588993